000 00512nam a2200169Ia 4500
008 220216s9999 xx 000 0 und d
100 _aMontoro P
245 0 _aEffect of cytokinins on the induction of embryogenesis and the quality of somatic embryos in Hevea brasiliensis Mull.Arg
260 _bComptes Rendus de lAcademie des sciences
_c1992
300 _a567-574
500 _aSource Year: 1994
700 _aCarron M P
700 _aEtienne H
700 _aNougarede A
856 _uATA
942 _cJS
999 _c57774
_d57774